000 00342nam a22001457a 4500
020 _a81-7515-330-x
041 _aENG
100 _aRizzuto .J
245 _aHow To Prepare For The Sat II Math Level IC
250 _a8TH ED
260 _aPune
_bGalgotia PUB
_c1970
300 _a516
650 _aCompetitive Exam
856 _uCompetitive Exam
999 _c548
_d548